| 000 | 00470nam a22001697a 4500 | ||
|---|---|---|---|
| 999 |
_c12262 _d12262 |
||
| 008 | 220908b ||||| |||| 00| 0 eng d | ||
| 020 | _a9781108412629 | ||
| 082 |
_a333.916416 _bPRO |
||
| 100 | _aProbert, P. Keith | ||
| 245 | _aMarine conservation | ||
| 260 |
_aNew York _bCambridge University Press _c2017 |
||
| 300 | _ax, 508p. | ||
| 650 | _aMarine resources conservation | ||
| 650 | _aMarine biology | ||
| 650 | _aMarine biodiversity conservation | ||
| 942 | _cBK | ||